Statistiques concernant Frontière de la République centrafricaine

Cliquez ici pour prendre le quiz!

Statistiques générales

  • Ce quiz a été pris 56 fois
  • Le résultat moyen est 6 sur 6

Statistiques - réponses

Longueur (en km)Pays% Correct
1577République démocratique du Congo
98%
467République du Congo
96%
1197Tchad
94%
175Soudan
93%
990Soudan du Sud
91%
797Cameroun
89%

Distribution des résultats

Percentile par nombre de réponses

% des personnes avec chaque résultat

Votre développement - résultats

Vous n’avez pas pris ce quiz